| 000 | 01939ctm a22003371i 4500 | ||
|---|---|---|---|
| 003 | SA-RiAUC | ||
| 005 | 20251216134910.0 | ||
| 008 | 251215s1989 su f bm 00000bara c | ||
| 040 |
_aSA-JeALM _bara _cSA-RiAUC _erda |
||
| 050 | 4 | _bM33 1989 | |
| 082 | 0 | 4 |
_a239.9 _qSA-RiAUC |
| 090 |
_aر 239.9 _bم د خ |
||
| 100 | 1 |
_aالمدخلي، عبد الباسط بن جابر محمد _eمؤلف. |
|
| 245 | 1 | 0 |
_aالقعقاع بن عمرو التميمي ودوره في الفتوح الإسلامية وأحداث عصر الراشدين / _cإعداد عبد الباسط بن جابر محمد المدخلي ؛ إشراف محمد محمد شتا زيتون. |
| 264 | 0 |
_aمكة المكرمة : _bجامعة أم القرى . _c1989 |
|
| 300 |
_a305 ورقة ؛ _c30 سم . |
||
| 336 |
_aنص _btxt _2rdacontent _3أطروحة |
||
| 337 |
_aبدون وسيط _bn _2rdamedia |
||
| 338 |
_aمجلد _bnc _2rdacarrier |
||
| 500 | _aاهداء من المؤلف عبدالباسط جابر مدخلي الى الشيخ رحمه الله بتاريخ 16 / 5 / 1410 هـ | ||
| 500 | _aأطروحة (ماجستير)-جامعة أم القرى، 1400 هجري. | ||
| 502 |
_bماجستير _cجامعة أم القرى، كلية الشريعة والدراسات الإسلامية، قسم التاريخ والحضارة _d1409 هجري. |
||
| 504 | _aيشتمل على إرجاعات ببليوجرافية. | ||
| 600 | 1 | 7 |
_aالقعقاع التميمي، القعقاع بن عمرو التميمي، _dتوفي حوالي 40 هجري _2aucnm |
| 650 | 7 |
_aالصحابة والتابعون _vتراجم _2aucsh |
|
| 650 | 7 |
_aالفتوحات الإسلامية _yعصر صدر الإسلام _2aucsh |
|
| 650 | 7 |
_aالتاريخ الإسلامي _yعصر صدر الإسلام _2aucsh |
|
| 700 |
_aزيتون، محمد محمد شتا _eمشرف . |
||
| 942 |
_2ddc _cTHESES _n0 |
||
| 949 |
_aSA-JeALM _d251215 _uosman123 _n1 |
||
| 999 |
_c13571 _d13571 |
||